Statistics for Disney Movies

Click here to take the quiz!

General Stats

  • This quiz has been taken 3,185 times
  • The average score is 10 of 15

Answer Stats

Hint Answer % Correct
Be Our GuestBeauty and the Beast
91%
A Whole New WorldAladdin
90%
Heigh HoSnow White
89%
Can You Feel the Love Tonight?The Lion King
86%
I'll Make a Man out of YouMulan
80%
A Spoonful of SugarMary Poppins
80%
Part of Your WorldThe Little Mermaid
77%
Mother Knows BestTangled
73%
I Wanna Be Like YouThe Jungle Book
68%
Just Beyond the RiverbendPocahontas
65%
You'll Be In My HeartTarzan
63%
Go the DistanceHercules
62%
When You Wish Upon a StarPinocchio
61%
Out ThereThe Hunchback of Notre Dame
27%
Santa FeNewsies
13%

Score Distribution

Percentile by Number Answered

Percent of People with Each Score

Your Score History

You have not taken this quiz